[Event "Vrindavana MMT op"]
[Site "Mathura"]
[Date "2023.04.27"]
[Round "9"]
[White "Sharma, Pankaj1"]
[Black "Ayush, Das"]
[Result "1/2-1/2"]
[WhiteElo "1754"]
[BlackElo "1591"]
[PlyCount "53"]
[EventDate "2023.04.23"]
[EventType "swiss"]
[EventRounds "9"]
[EventCountry "IND"]
[SourceTitle "CBM 213 Extra"]
[Source "ChessBase"]
[SourceDate "2023.05.31"]
[SourceVersion "1"]
[SourceVersionDate "2023.05.31"]
[SourceQuality "1"]

1. d4 d5 2. Nf3 Nf6 3. e3 c5 4. Nbd2 cxd4 5. exd4 e6 6. c3 Bd6 7. Bd3 0-0 8. 0-0 b6 9. Re1 Qc7 10. Nf1 Bb7 11. Ng3 Nbd7 12. Qe2 Rfe8 13. Ne5 Nf8 14. f4 a6 15. Bd2 b5 16. a3 N6d7 17. Nh5 Ng6 18. Nxd7 Qxd7 19. Qg4 f5 20. Qf3 Qf7 21. a4 Bc6 22. axb5 Bxb5 23. Bxb5 axb5 24. Qe2 Nf8 25. b4 Qb7 26. Ng3 Qc6 27. Nf1 1/2-1/2